[Event "ESP-chT Primera Division 2019"]
[Site "Linares"]
[Date "2019.08.28"]
[Round "3.20"]
[White "Shirov, Alexei"]
[Black "Volkov, Sergey"]
[Result "0-1"]
[WhiteElo "2658"]
[BlackElo "2547"]
[Annotator "TA"]
[PlyCount "94"]
[EventDate "2019.08.26"]
[EventType "team-tourn"]
[EventCountry "ESP"]
[SourceTitle "playchess.com"]
[Source "ChessBase"]
[SourceQuality "1"]

{[%evp 26,94,33,20,40,0,0,0,11,13,12,12,14,11,8,2,13,0,6,0,6,0,39,39,39,39,39,46,68,73,51,22,28,35,38,33,27,18,29,0,73,71,65,65,54,22,71,75,90,0,0,0,0,0,0,0,0,-2,0,0,0,0,0,-141,-113,-4139,-4132,-4132,-4132,-1927,-1323]} 1. e4 e6 2. d4 d5 3. Nd2 Nf6 4. e5 Nfd7 5. Bd3 c5 6. c3 Nc6 7. Ne2 cxd4 8. cxd4 f6 9. exf6 Nxf6 10. O-O Bd6 11. Nf3 O-O 12. Bf4 Bxf4 13. Nxf4 Ne4 14. Ne2 Bd7 {C06: French Tarrasch: 3...Nf6 4 e5 Nfd7 5 Bd3 main lines} (14... Rxf3 15. gxf3 Ng5 16. Kh1 e5 17. Qb3 Qf6 18. Be4 Ne7 19. Nc3 Nxe4 20. Nxe4 Qf4 21. dxe5 Bd7 22. Rg1 Qxe5 23. Rae1 Bc6 24. Ng5 {1-0 (43) Safarli,E (2668)-Volkov,S (2617) Nakhchivan 2017}) 15. Ng3 Ng5 $146 {White must now prevent ...Nxf3+.} ({Predecessor:} 15... Nxg3 16. hxg3 Qf6 17. Bb5 Nb8 18. Qb3 Bxb5 19. Qxb5 Nc6 20. Rad1 Rf7 21. Rd2 h6 22. Qe2 {½-½ (67) Seletsky,G (2277)-Ranieri,F (2276) Arvier 2012}) 16. Ne5 Nxe5 {The position is equal.} 17. dxe5 Nf7 18. f4 Qb6+ 19. Kh1 Bb5 20. Bxb5 Qxb5 21. Ne2 Nh6 22. Nd4 Qb6 23. f5 Rae8 {[%cal Re6f5]} 24. f6 gxf6 25. exf6 {And now Qh5 would win.} Kh8 26. Qd2 Nf7 27. Rae1 Rg8 28. Nf3 Qd6 $1 29. Qd4 e5 30. Qxa7 Re6 31. Qxb7 Rxf6 32. Nh4 Qe6 (32... Nh6 $11) 33. Rxf6 Qxf6 34. g3 $1 Qf2 35. Rc1 {Threatens to win with Qa6.} Rd8 36. Qb5 e4 37. Rf1 (37. a4 $1 $16) 37... Nd6 $1 $11 38. Qa6 Qc5 $1 39. Ng2 Qc4 40. Qxc4 Nxc4 {[%mdl 4096] Endgame KRN-KRN} 41. b3 Ne5 42. Nf4 $1 Nf3 43. Kg2 d4 44. Ne6 (44. Nd3 $11 {keeps the balance.}) 44... Rc8 $17 45. Rxf3 $2 {[%mdl 8192]} (45. Nxd4 $17 Nxd4 46. Rf4) 45... exf3+ $19 {Black is clearly winning.} 46. Kxf3 {[#]} d3 $1 {[%cal Rd3d2]} 47. Ng5 {[#]} Re8 $1 {Accuracy: White = 52%, Black = 68%.} 0-1

[Event "ESP-chT Primera Division 2019"]
[Site "Linares"]
[Date "2019.08.28"]
[Round "3.21"]
[White "Cuenca Jimenez, Jose Fernando"]
[Black "Henderson de La Fuente, Lance"]
[Result "1-0"]
[WhiteElo "2515"]
[BlackElo "2487"]
[Annotator "ChessBase"]
[PlyCount "95"]
[EventDate "2019.08.26"]
[EventType "team-tourn"]
[EventCountry "ESP"]
[SourceTitle "playchess.com"]
[Source "ChessBase"]
[SourceQuality "1"]
[TimeControl "5400+30"]

1. e4 {[%emt 0:00:00]} e6 {[%emt 0:00:05]} 2. d4 {[%emt 0:00:20]} d5 {[%emt 0:00:08]} 3. Nc3 {[%emt 0:00:40]} Bb4 {[%emt 0:00:19]} 4. Nge2 {[%emt 0:05:19]} Nf6 {[%emt 0:02:07]} 5. e5 {[%emt 0:11:41]} Nfd7 {[%emt 0:00:20]} 6. f4 {[%emt 0:04:18]} O-O {[%emt 0:01:58]} 7. a3 {[%emt 0:11:23]} Be7 {[%emt 0:01:16]} 8. Be3 {[%emt 0:00:23]} c5 {[%emt 0:00:40]} 9. dxc5 {[%emt 0:03:01]} Bxc5 {[%emt 0:09:16]} 10. Qd2 {[%emt 0:04:05]} Nc6 {[%emt 0:01:39]} 11. O-O-O {[%emt 0:10:06]} a6 {[%emt 0:03:22]} 12. Bxc5 {[%emt 0:02:09]} Nxc5 {[%emt 0:00:07]} 13. Qe3 {[%emt 0:00:21]} b6 {[%emt 0:06:31]} 14. Nd4 {[%emt 0:02:39]} Nxd4 {[%emt 0:01:35]} 15. Rxd4 {[%emt 0:01:31]} Bb7 {[%emt 0:00:31]} 16. h4 {[%emt 0:10:27]} f6 {[%emt 0:22:10]} 17. g3 {[%emt 0:21:11]} fxe5 {[%emt 0:10:39]} 18. Qxe5 {[%emt 0:01:34]} Qf6 {[%emt 0:01:12]} 19. Qxf6 {[%emt 0:00:34]} gxf6 {[%emt 0:00:25]} 20. Bg2 {[%emt 0:00:03]} f5 {[%emt 0:02:47]} 21. Re1 {[%emt 0:01:21]} Kf7 {[%emt 0:01:02]} 22. b4 {[%emt 0:02:53]} Ne4 {[%emt 0:02:14]} 23. Bxe4 {[%emt 0:00:31]} fxe4 {[%emt 0:00:55]} 24. Nxe4 {[%emt 0:01:37]} dxe4 {[%emt 0:02:08]} 25. Rd7+ {[%emt 0:00:01]} Kf6 {[%emt 0:01:57]} 26. Rxb7 {[%emt 0:00:02]} Rg8 {[%emt 0:01:06]} 27. Rxe4 {[%emt 0:00:39]} Rxg3 {[%emt 0:00:23]} 28. Rxb6 {[%emt 0:00:23]} Rxa3 {[%emt 0:00:25]} 29. Kb2 {[%emt 0:00:42]} Ra4 {[%emt 0:03:23]} 30. Rbxe6+ {[%emt 0:00:07]} Kf5 {[%emt 0:00:04]} 31. R6e5+ {[%emt 0:00:28]} Kf6 {[%emt 0:00:12]} 32. h5 {[%emt 0:03:50]} Rb8 {[%emt 0:00:36]} 33. Kb3 {[%emt 0:00:48]} Ra1 {[%emt 0:00:01]} 34. Re1 {[%emt 0:01:01]} Rxe1 35. Rxe1 {[%emt 0:00:00]} a5 {[%emt 0:00:29]} 36. c3 {[%emt 0:00:33]} axb4 {[%emt 0:00:06]} 37. cxb4 {[%emt 0:00:01]} Kf5 {[%emt 0:00:12]} 38. Re5+ {[%emt 0:01:25]} Kxf4 {[%emt 0:00:11]} 39. Rc5 {[%emt 0:00:02]} Ke4 {[%emt 0:00:37]} 40. Rc7 {[%emt 0:01:05]} Kd5 {[%emt 0:02:16]} 41. Rxh7 {[%emt 0:00:01]} Kc6 {[%emt 0:00:36]} 42. Rg7 {[%emt 0:00:43]} Rf8 {[%emt 0:00:39]} 43. Rg3 {[%emt 0:00:56]} Rf4 {[%emt 0:00:49]} 44. Rh3 {[%emt 0:00:28]} Kb5 {[%emt 0:00:26]} 45. h6 {[%emt 0:00:01]} Rxb4+ {[%emt 0:00:09]} 46. Kc3 {[%emt 0:00:11]} Rc4+ {[%emt 0:00:42]} 47. Kd3 {[%emt 0:00:02]} Ra4 {[%emt 0:01:20]} 48. Rh5+ {[%emt 0:00:13]} 1-0

[Event "ESP-chT Primera Division 2019"]
[Site "Linares"]
[Date "2019.08.28"]
[Round "3.22"]
[White "Cramling, Pia"]
[Black "Alshameary Puente, Ismael"]
[Result "1-0"]
[WhiteElo "2493"]
[BlackElo "2444"]
[Annotator "TA"]
[PlyCount "77"]
[EventDate "2019.08.26"]
[EventType "team-tourn"]
[EventCountry "ESP"]
[SourceTitle "playchess.com"]
[Source "ChessBase"]
[SourceQuality "1"]

{[%evp 13,77,23,18,0,7,0,8,0,0,0,95,65,58,45,60,43,134,109,104,115,102,136,145,133,139,147,246,228,288,110,335,301,291,289,287,287,297,290,425,334,340,349,341,346,459,460,495,504,488,483,490,454,554,528,726,676,677,676,660,655,669,668,653,656,629,625]} 1. Nf3 Nf6 2. c4 e6 3. g3 d5 4. Bg2 Be7 5. O-O O-O 6. d4 dxc4 7. Qc2 b5 8. a4 {E05: Open Catalan: 5 Nf3 Be7} b4 9. Bg5 (9. Nfd2 c6 10. Nxc4 Qxd4 11. Rd1 Qc5 12. b3 Ba6 13. Nbd2 Nbd7 14. Bb2 Rad8 15. e3 Qh5 {0-1 (38) Maghsoodloo,P (2688)-Nakamura,H (2746) St Petersburg 2018}) 9... Nd5 10. Bxe7 {The position is equal.} Qxe7 11. Qxc4 $146 ({Predecessor:} 11. Ne5 c5 12. Qxc4 cxd4 13. Qxd4 Bb7 14. Nd2 Rd8 15. Qe4 Nd7 16. Nb3 Rac8 17. Nd3 N7b6 18. a5 Rc4 19. Qf3 Nd7 20. Rac1 {½-½ (20) Ksieski,Z (2348)-Arnaudov,P (2478) Bayern 2014}) 11... a5 (11... Ba6 $11 12. Qc2 Nd7) 12. Rc1 Ba6 13. Qc2 Nd7 14. e4 N5f6 (14... N5b6 $1 $14) 15. Nbd2 $16 Rfc8 16. Nb3 Bb7 17. Nfd2 e5 18. Nc4 exd4 {[%cal Rb7e4]} 19. Ncxa5 d3 (19... Bxe4 $16 20. Bxe4 Qxe4) 20. Qxd3 $18 Ne5 21. Qc2 $2 {[#]} (21. Qd4 $18 {and White stays clearly on top.} c5 22. Nxc5) 21... Ba6 $2 (21... c5 $16 {might work better.}) 22. Nc6 Nxc6 23. Qxc6 Nd7 24. f4 Ra7 25. Rd1 Nb6 (25... Nb8 {was called for.} 26. Qc5 Qxc5+ 27. Nxc5 Re8) 26. Qc5 Qxc5+ 27. Nxc5 Be2 28. Rd2 Bh5 29. Bh3 {White is clearly winning.} f5 30. Bxf5 Re8 31. Be6+ Kf8 32. Bb3 Ra5 33. Rc1 Bf3 34. Nd7+ Nxd7 35. Rxd7 Re7 36. Rxe7 Kxe7 37. Kf2 Bg4 38. Rxc7+ Bd7 39. Rb7 {Accuracy: White = 66%, Black = 33%.} 1-0

[Event "ESP-chT Primera Division 2019"]
[Site "Linares"]
[Date "2019.08.28"]
[Round "3.23"]
[White "Cori T., Deysi"]
[Black "Castellanos Rodriguez, Renier"]
[Result "1/2-1/2"]
[WhiteElo "2400"]
[BlackElo "2493"]
[Annotator "TA"]
[PlyCount "54"]
[EventDate "2019.08.26"]
[EventType "team-tourn"]
[EventCountry "ESP"]
[SourceTitle "playchess.com"]
[Source "ChessBase"]
[SourceQuality "1"]

{[%evp 13,54,3,21,0,0,6,44,10,20,16,21,1,10,-20,-17,-20,-12,-13,0,-20,-6,-18,-20,-28,-39,-20,-18,-18,-18,-19,-17,-18,0,-35,0,0,0,4,1,1,4,6,0]} 1. d4 Nf6 2. Nf3 e6 3. e3 b6 4. Bd3 Bb7 5. O-O d5 6. c4 dxc4 7. Bxc4 a6 8. Qe2 {E14: Queen's Indian: Classical Variation (4 e3)} Nbd7 9. Rd1 Qb8 $146 ({Predecessor:} 9... c5 10. Nc3 b5 11. Bb3 Qb6 12. d5 Nxd5 13. Nxd5 exd5 14. Bxd5 Bxd5 15. Rxd5 Qb7 16. e4 Be7 17. Bg5 Nb6 18. Rf5 O-O 19. e5 Rfe8 20. Bxe7 Rxe7 21. Qc2 Nd7 22. h4 Rae8 23. Rd1 g6 24. Rg5 Nxe5 25. Nxe5 Rxe5 {0-1 (47) Hebden,M (2545)-Sadler,M (2645) Blackpool 2014}) 10. a4 {White is slightly better.} c5 11. Nc3 Bd6 12. h3 O-O 13. b3 cxd4 14. exd4 Re8 15. Be3 h6 16. d5 exd5 17. Nxd5 Bc5 18. b4 Bxd5 19. Bxd5 Nxd5 20. Rxd5 Nf6 {[#] Hoping for ...Bxe3.} 21. Rd3 Bxb4 22. Qb2 Bf8 23. Rb1 b5 24. axb5 {The position is equal.} Qxb5 25. Qxb5 axb5 26. Rxb5 Rab8 27. Rxb8 Rxb8 {Accuracy: White = 45%, Black = 52%.} 1/2-1/2

[Event "ESP-chT Primera Division 2019"]
[Site "Linares"]
[Date "2019.08.28"]
[Round "3.24"]
[White "Oliva Castaneda, Kevel"]
[Black "Antunez Munoz, Ines"]
[Result "1-0"]
[WhiteElo "2479"]
[BlackElo "1891"]
[Annotator "TA"]
[PlyCount "85"]
[EventDate "2019.08.26"]
[EventType "team-tourn"]
[EventCountry "ESP"]
[SourceTitle "playchess.com"]
[Source "ChessBase"]
[SourceQuality "1"]

{[%evp 18,85,38,32,38,39,48,46,60,54,55,46,46,48,48,8,50,54,45,45,75,74,76,76,79,68,83,95,86,87,82,81,104,86,110,110,124,129,123,127,260,260,262,265,298,282,323,316,343,342,542,532,740,733,1186,1141,2782,2809,2469,2366,1888,1837,29987,29988,29988,1116,29997,29998,29998,29999]} 1. Nf3 Nf6 2. c4 b6 3. g3 Bb7 4. Bg2 c5 5. O-O g6 6. Nc3 Bg7 7. d4 cxd4 8. Qxd4 d6 9. Rd1 Nbd7 10. b3 O-O {A30: Symmetrical English: Double Fianchetto and Hedgehog} 11. Qh4 Qc7 $146 ({Predecessor:} 11... h5 12. Bb2 Rc8 13. Nd5 Bxd5 14. cxd5 Rc2 15. Rab1 Ng4 16. Bxg7 Kxg7 17. h3 Ngf6 18. Ra1 {1-0 (34) Cyborowski,L (2580)-Wojtaszek,R (2637) Opole 2007}) 12. Bh6 Qc5 {Hoping for ...Bxh6.White is slightly better.} 13. Bxg7 Kxg7 14. Rac1 Rac8 15. e4 e6 16. Ne1 Ne5 (16... g5 $5 {[%cal Rg5h4]} 17. Qh3 Ne5 $11) 17. Qf4 Rfd8 18. Qd2 a6 19. Na4 Qc7 20. f4 $36 {[%mdl 2048] White is really pushing.} Nc6 21. Qf2 b5 22. Nb6 Rb8 {[#] Strongly threatening ...Ng4.} 23. Nd5 $1 {[%mdl 512]} exd5 24. cxd5 Ng4 25. Qb2+ Kg8 {And now ...Qb6+ would win.} 26. dxc6 Bxc6 27. Qd4 {h3 is the strong threat.} Qb6 28. h3 Ne3 {[#]} (28... Nh6 $16 29. Nc2 Ba8) 29. Rxc6 $1 $18 {[%mdl 512]} Qxc6 30. Qxe3 Rbc8 31. Kh2 Qc7 32. Nd3 Qa5 33. Rd2 Rc3 (33... Qc3 {was necessary.} 34. f5 Re8) 34. Qd4 Rcc8 35. Nb4 Qa3 36. Nd5 Rc1 37. Nf6+ Kf8 38. Nxh7+ Kg8 39. Nf6+ Kf8 40. Nd5 {[%cal Rd4h8]} Kg8 41. Qf6 (41. Ne7+ $142 Kh7 42. Qf6 Rh1+ 43. Bxh1 Rg8 44. Nxg8 Kxg8 45. Rc2 d5 46. Rc8+ Qf8 47. Rxf8+ Kxf8 48. exd5) 41... Rb8 42. Ne7+ Kh7 43. Qxf7+ {Accuracy: White = 86%, Black = 20%.} 1-0

[Event "ESP-chT Primera Division 2019"]
[Site "Linares"]
[Date "2019.08.29"]
[Round "4.1"]
[White "Espinosa Aranda, Angel"]
[Black "Cori, Jorge"]
[Result "1/2-1/2"]
[WhiteElo "2497"]
[BlackElo "2686"]
[Annotator "TA"]
[PlyCount "105"]
[EventDate "2019.08.26"]
[EventType "team-tourn"]
[EventCountry "ESP"]
[SourceTitle "playchess.com"]
[Source "ChessBase"]
[SourceQuality "1"]

{[%evp 18,105,46,45,44,53,45,50,50,36,54,25,27,25,27,19,25,0,0,0,24,17,27,0,4,-7,0,-12,0,0,0,0,0,0,14,10,12,12,21,0,47,16,41,0,0,-13,-13,-13,-13,-13,-13,-13,-13,-13,-13,-13,-13,-13,0,0,0,-13,0,-76,0,0,0,0,0,-13,0,-78,0,0,8,0,287,292,343,320,369,370,360,341,329,0,184,0,339,0]} 1. e4 c5 2. Nf3 e6 3. d4 cxd4 4. Nxd4 Nc6 5. Nc3 Qc7 6. g3 a6 7. Bg2 Nf6 8. O-O d6 9. Nxc6 bxc6 10. Na4 Be7 {B80: Sicilian Scheveningen: 6 g3 and 6 Be3, including English Attack} (10... Rb8 11. c4 c5 12. b3 Be7 13. Bb2 O-O 14. Qe1 Nd7 15. Rd1 Bb7 16. Qc3 Bf6 17. Qd2 Be7 18. Qc3 {1-0 (40) Carlsen,M (2835)-Rapport,R (2731) Wijk aan Zee 2019}) 11. b3 O-O 12. Bb2 e5 {White is slightly better.} 13. c4 Rd8 14. Re1 Be6 {[#]} 15. Qd2 $146 ({Predecessor:} 15. Qc2 Nd7 {½-½ (25) Gomez Garrido,C (2515)-Ramirez Alvarez,A (2566) Merida 2017}) 15... Nd7 16. Rad1 a5 17. Bc3 f6 18. Bf3 c5 19. Bb2 Nb8 20. Nc3 Nc6 21. Nd5 Qb7 22. Bc3 Bf8 23. Rb1 Rdb8 24. Qd1 Qc8 25. h3 Qd8 26. Bg4 Bf7 27. h4 Ra7 28. h5 Ne7 29. a4 Rab7 30. Kg2 Nc6 31. Rh1 Nd4 32. Bxd4 cxd4 33. Qf3 Be7 34. Bf5 Qe8 35. Bg4 h6 36. Bf5 Bd8 37. Rh4 Kf8 38. Rhh1 Qc6 39. Bg4 Qc5 40. Qd3 (40. Rb2 $11 {keeps the balance.}) 40... Be8 (40... Qa3 $17 {[%cal Rb7b3]} 41. Bd1 Kg8) 41. Be6 $11 Qc6 42. Qf3 Bf7 43. Bg4 Qc5 (43... Kg8 $11) 44. Qd3 $17 Bb6 (44... Qa3 $17 {[%cal Rb7b3]} 45. Bd1 Kg8) 45. Qf3 $11 Qc6 46. Qf5 {And now Qh7 would win.} Bc5 $2 {[%mdl 8192]} (46... Kg8 $11 {and Black stays safe.}) 47. Qh7 $18 {[#] Strongly threatening Qh8+.} Bg8 48. Qh8 {Black must now prevent Be6.} Qe8 49. Bf5 Qf7 50. Bg6 Qe6 51. Bf5 (51. Rh4 $142 Bb6 52. g4) 51... Qf7 {[#]} 52. Bg6 $2 (52. Rh4 $1) 52... Qe6 53. Bf5 $2 {Accuracy: White = 57%, Black = 63%.} (53. Rh4 $18 Bb6 54. g4) 1/2-1/2

[Event "ESP-chT Primera Division 2019"]
[Site "Linares"]
[Date "2019.08.29"]
[Round "4.2"]
[White "Shirov, Alexei"]
[Black "Plazuelo Pascual, Juan"]
[Result "1/2-1/2"]
[WhiteElo "2658"]
[BlackElo "2411"]
[Annotator "TA"]
[PlyCount "67"]
[EventDate "2019.08.26"]
[EventType "team-tourn"]
[EventCountry "ESP"]
[SourceTitle "playchess.com"]
[Source "ChessBase"]
[SourceQuality "1"]

{[%evp 11,67,8,14,10,14,10,13,13,4,11,19,4,28,23,36,37,33,34,27,22,30,16,33,27,18,25,22,24,88,76,80,90,70,20,24,14,16,15,39,30,63,0,0,0,0,0,0,0,0,0,0,0,0,0,0,0,0,0]} 1. d4 Nf6 2. c4 e6 3. Nf3 ({Predecessor:} 3. g3 d5 4. Bg2 dxc4 {½-½ (105) Bondarevsky,I-Keres,P Moscow 1947}) 3... d5 4. g3 dxc4 5. Bg2 c6 6. Ne5 Bb4+ 7. Nc3 $146 {E04: Open Catalan: 5 Nf3} (7. Bd2 Be7 8. e3 b5 9. Nxc6 Nxc6 10. Bxc6+ Bd7 11. Bxa8 Qxa8 12. f3 e5 13. dxe5 Ng4 14. O-O Nxe5 {½-½ (27) Vidit,S (2711)-Vitiugov,N (2726) Prague 2019}) 7... Nd5 8. Bd2 Nb6 9. Ne4 a5 10. e3 O-O 11. Qc2 N8d7 12. Bxb4 axb4 13. Nxc4 Nxc4 14. Qxc4 Qe7 15. O-O e5 16. Nc5 Nxc5 17. Qxb4 exd4 18. exd4 Ra4 $1 {[%cal Ra4b4]} 19. Qxc5 Qe2 (19... Qxc5 $11 20. dxc5 Rb4) 20. Qb6 $16 Qc4 21. d5 Rb4 22. Qc7 {b3 is the strong threat.} cxd5 23. Rfc1 Qxc7 24. Rxc7 Rxb2 25. Bxd5 b5 26. Re1 (26. Bxf7+ $14 Rxf7 27. Rxc8+ Rf8 28. Rxf8+ Kxf8 29. a4) 26... Be6 $11 {The position is equal.} 27. Bxe6 fxe6 28. Rxe6 Rbxf2 {[%mdl 4096] Endgame KRR-KRR} 29. Ree7 Rf1+ 30. Kg2 R1f2+ 31. Kh3 R2f7 32. Rxf7 Rxf7 33. Rc8+ Rf8 34. Rc5 {Accuracy: White = 67%, Black = 68%.} 1/2-1/2

[Event "ESP-chT Primera Division 2019"]
[Site "Linares"]
[Date "2019.08.29"]
[Round "4.3"]
[White "Rubio Mejia, Luis Ignacio"]
[Black "Henderson de La Fuente, Lance"]
[Result "1/2-1/2"]
[WhiteElo "2435"]
[BlackElo "2487"]
[Annotator "ChessBase"]
[PlyCount "97"]
[EventDate "2019.08.26"]
[EventType "team-tourn"]
[EventCountry "ESP"]
[SourceTitle "playchess.com"]
[Source "ChessBase"]
[SourceQuality "1"]
[TimeControl "5400+30"]

1. d4 {[%emt 0:00:00]} Nf6 {[%emt 0:00:00]} 2. c4 {[%emt 0:00:00]} e6 {[%emt 0:00:00]} 3. Nc3 {[%emt 0:00:00]} Bb4 {[%emt 0:00:07]} 4. e3 {[%emt 0:00:10]} O-O {[%emt 0:00:36]} 5. Bd3 {[%emt 0:00:20]} d5 {[%emt 0:00:22]} 6. Nf3 {[%emt 0:00:54]} b6 {[%emt 0:00:36]} 7. a3 {[%emt 0:01:12]} Bxc3+ {[%emt 0:01:01]} 8. bxc3 {[%emt 0:00:11]} dxc4 {[%emt 0:00:26]} 9. Bxc4 {[%emt 0:00:27]} c5 {[%emt 0:00:25]} 10. O-O {[%emt 0:05:03]} Qc7 {[%emt 0:00:30]} 11. Qe2 {[%emt 0:04:19]} Bb7 {[%emt 0:00:52]} 12. Bd3 {[%emt 0:09:28]} Be4 {[%emt 0:13:39]} 13. a4 {[%emt 0:11:32]} Nbd7 {[%emt 0:02:07]} 14. Bb2 {[%emt 0:05:35]} Rac8 {[%emt 0:07:38]} 15. Ba6 {[%emt 0:25:19]} Bb7 {[%emt 0:02:52]} 16. Bd3 {[%emt 0:04:10]} Be4 {[%emt 0:04:14]} 17. Ba6 {[%emt 0:00:20]} Bb7 {[%emt 0:14:22]} 18. a5 {[%emt 0:08:57]} Bxa6 {[%emt 0:09:29]} 19. Qxa6 {[%emt 0:00:08]} Qc6 {[%emt 0:04:01]} 20. dxc5 {[%emt 0:06:37]} bxc5 {[%emt 0:11:23]} 21. Qxc6 {[%emt 0:00:53]} Rxc6 {[%emt 0:00:01]} 22. c4 {[%emt 0:00:27]} Rb8 {[%emt 0:00:40]} 23. Bc3 {[%emt 0:06:32]} Kf8 {[%emt 0:02:20]} 24. Rfb1 {[%emt 0:02:27]} Rxb1+ {[%emt 0:02:12]} 25. Rxb1 {[%emt 0:00:07]} Ne4 {[%emt 0:00:17]} 26. Rb7 {[%emt 0:05:49]} Rd6 {[%emt 0:04:55]} 27. Be1 {[%emt 0:00:38]} a6 {[%emt 0:00:16]} 28. Kf1 {[%emt 0:00:36]} Ke8 {[%emt 0:00:48]} 29. Ke2 {[%emt 0:00:50]} Kd8 {[%emt 0:00:46]} 30. Ra7 {[%emt 0:01:03]} Kc8 {[%emt 0:02:01]} 31. Ra8+ {[%emt 0:00:19]} Nb8 {[%emt 0:00:31]} 32. Ra7 {[%emt 0:00:18]} Rd7 {[%emt 0:02:18]} 33. Rxd7 {[%emt 0:00:06]} Nxd7 {[%emt 0:00:53]} 34. Nd2 {[%emt 0:01:14]} Nd6 {[%emt 0:01:39]} 35. Kd3 {[%emt 0:00:29]} Ne5+ {[%emt 0:02:17]} 36. Kc3 {[%emt 0:00:06]} Kd7 {[%emt 0:03:02]} 37. f3 {[%emt 0:00:46]} Nb7 {[%emt 0:00:22]} 38. Nb3 {[%emt 0:00:25]} g5 {[%emt 0:01:25]} 39. e4 {[%emt 0:00:54]} f5 {[%emt 0:01:11]} 40. exf5 {[%emt 0:00:20]} exf5 {[%emt 0:00:02]} 41. Bd2 {[%emt 0:00:29]} h6 {[%emt 0:02:26]} 42. h4 {[%emt 0:00:14]} f4 {[%emt 0:01:35]} 43. hxg5 {[%emt 0:00:05]} hxg5 {[%emt 0:00:01]} 44. Be1 {[%emt 0:00:47]} Kd6 {[%emt 0:02:13]} 45. Bd2 {[%emt 0:00:35]} Kc6 {[%emt 0:00:03]} 46. Be1 {[%emt 0:00:39]} Nd6 {[%emt 0:01:08]} 47. Bf2 {[%emt 0:00:54]} Ndxc4 {[%emt 0:01:22]} 48. Nxc5 {[%emt 0:00:20]} Nxa5 {[%emt 0:00:29]} 49. Kd4 {Kd5+} 1/2-1/2

[Event "ESP-chT Primera Division 2019"]
[Site "Linares"]
[Date "2019.08.29"]
[Round "4.4"]
[White "Cramling, Pia"]
[Black "Almagro Llamas, Pablo"]
[Result "1/2-1/2"]
[WhiteElo "2493"]
[BlackElo "2453"]
[Annotator "ChessBase"]
[PlyCount "68"]
[EventDate "2019.08.26"]
[EventType "team-tourn"]
[EventCountry "ESP"]
[SourceTitle "playchess.com"]
[Source "ChessBase"]
[SourceQuality "1"]
[TimeControl "5400+30"]

1. Nf3 {[%emt 0:00:00]} Nf6 {[%emt 0:00:00]} 2. c4 {[%emt 0:00:00]} e6 {[%emt 0:00:15]} 3. g3 {[%emt 0:00:00]} a6 {[%emt 0:01:33]} 4. Bg2 {[%emt 0:00:29]} b5 {[%emt 0:00:50]} 5. b3 {[%emt 0:00:15]} Bb7 {[%emt 0:00:30]} 6. Na3 {[%emt 0:03:11]} c5 {[%emt 0:01:37]} 7. O-O {[%emt 0:00:30]} Qb6 {[%emt 0:02:17]} 8. e3 {[%emt 0:01:02]} Be7 {[%emt 0:03:20]} 9. Qe2 {[%emt 0:00:30]} O-O {[%emt 0:02:19]} 10. Bb2 {[%emt 0:07:19]} d5 {[%emt 0:03:54]} 11. d4 {[%emt 0:04:36]} dxc4 {[%emt 0:19:50]} 12. bxc4 {[%emt 0:00:14]} b4 {[%emt 0:00:23]} 13. Nc2 {[%emt 0:09:53]} Nbd7 {[%emt 0:04:27]} 14. Rfc1 {[%emt 0:00:36]} a5 {[%emt 0:01:49]} 15. Rab1 {[%emt 0:02:00]} Rab8 {[%emt 0:03:39]} 16. Nce1 {[%emt 0:06:18]} Rfc8 {[%emt 0:02:48]} 17. Nd3 {[%emt 0:01:01]} Qa6 {[%emt 0:05:02]} 18. Nd2 {[%emt 0:06:10]} Bxg2 {[%emt 0:01:50]} 19. Kxg2 {[%emt 0:03:47]} Ne8 {[%emt 0:08:59]} 20. h4 {[%emt 0:16:28]} Nd6 {[%emt 0:06:09]} 21. Nf4 {[%emt 0:05:14]} Bf8 {[%emt 0:10:13]} 22. d5 {[%emt 0:03:31]} e5 {[%emt 0:05:12]} 23. Nd3 {[%emt 0:00:21]} e4 {[%emt 0:01:57]} 24. Ne5 {[%emt 0:01:56]} Nxe5 {[%emt 0:00:09]} 25. Bxe5 {[%emt 0:00:04]} Re8 {[%emt 0:00:08]} 26. Ba1 {[%emt 0:02:26]} a4 {[%emt 0:00:44]} 27. g4 {[%emt 0:00:57]} Qc8 {[%emt 0:00:57]} 28. Rh1 {[%emt 0:00:54]} Rb7 {[%emt 0:01:36]} 29. Nf1 {[%emt 0:01:50]} f6 {[%emt 0:06:18]} 30. Ng3 {[%emt 0:02:10]} Qd7 {[%emt 0:00:25]} 31. Nh5 {[%emt 0:01:42]} Qf7 {[%emt 0:01:38]} 32. Nf4 {[%emt 0:00:48]} Qd7 {[%emt 0:01:03]} 33. Nh5 {[%emt 0:02:48]} Qf7 {[%emt 0:00:13]} 34. Nf4 {[%emt 0:00:10]} Qd7 {[%emt 0:00:09]} 1/2-1/2